000 00539nam a2200157 a 4500
008 120416s1965 ||||||||||||||||| || u
050 _aTA 490 Bri
100 _aPhillips, Arthur
245 1 0 _aStructure and properties of alloys
250 _a3rd ed.
260 _aNew York
_bMcGraw-Hill
_c1965
300 _avii, 503p. : ill
350 _a0.00
700 _aBrick, Robert Maynard
995 _D0.00
_FCBU-MAIN LIBRARY (Kitwe)
_H1
_I8.40
_M1
_UAVAILABLE
_ZAnnex Low-Usage Collection
999 _c58713
_d58713